| 000 | 00494nam a2200181Ia 4500 | ||
|---|---|---|---|
| 999 |
_c1828 _d1828 |
||
| 003 | OSt | ||
| 005 | 20200928103957.0 | ||
| 008 | 190216s9999||||xx |||||||||||||| ||und|| | ||
| 020 | _a9788180940040 | ||
| 040 | _coclc | ||
| 082 |
_a574.192 _bVEE/B |
||
| 100 |
_aVeerakumari, L _95052 |
||
| 245 | 0 |
_aBiochemistry / _cL Veerakumari |
|
| 260 |
_bMjp Publishers, _c2004. _aNew Delhi: |
||
| 300 | _a379p | ||
| 650 | _aBotany | ||
| 942 |
_cBK _2ddc _h574.192 _iVEE/B _k574.192 _mVEE/B |
||